Mathematics for economists / (Record no. 234268)
[ view plain ]
| 000 -LEADER | |
|---|---|
| fixed length control field | 01716nam a22002417a 4500 |
| 005 - DATE AND TIME OF LATEST TRANSACTION | |
| control field | 20250506162143.0 |
| 008 - FIXED-LENGTH DATA ELEMENTS--GENERAL INFORMATION | |
| fixed length control field | 250503b |||||||| |||| 00| 0 eng d |
| 020 ## - INTERNATIONAL STANDARD BOOK NUMBER | |
| International Standard Book Number | 9788180545498 |
| 040 ## - CATALOGING SOURCE | |
| Transcribing agency | AIMIT LIBRARY |
| 082 ## - DEWEY DECIMAL CLASSIFICATION NUMBER | |
| Edition number | 1 |
| Classification number | 519 |
| Item number | MEHB |
| 100 ## - MAIN ENTRY--PERSONAL NAME | |
| Personal name | Mehta, B C. |
| 9 (RLIN) | 209124 |
| 245 ## - TITLE STATEMENT | |
| Title | Mathematics for economists / |
| Statement of responsibility, etc. | B C Mehta and G M K Madnani. |
| 250 ## - EDITION STATEMENT | |
| Edition statement | 1st ed. |
| 260 ## - PUBLICATION, DISTRIBUTION, ETC. | |
| Place of publication, distribution, etc. | New Delhi : |
| Name of publisher, distributor, etc. | Sultan Chand & Sons , |
| Date of publication, distribution, etc. | 2023. |
| 300 ## - PHYSICAL DESCRIPTION | |
| Extent | 733p. ; |
| Other physical details | PB |
| Dimensions | 22.1 cm |
| 500 ## - GENERAL NOTE | |
| General note | Special Features<br/>The authors have tried to explain all the needed mathematical techniques in the simplest manner along with their applications in Economic Theory.<br/>It is meant for the Paper on Basic Mathematics and Quantitative Methods in Economics and Mathematical abortion pill Economics of M.A. Economics Courses of Indian Universities.<br/> |
| 505 ## - FORMATTED CONTENTS NOTE | |
| Formatted contents note | <br/>Contents:<br/><br/>Theory of Sets<br/>The Number System<br/>Resume of High School Algebra<br/>Elements of Trigonometry and Analytical Geometry<br/>Matrices and Determinants<br/>Differential Calculus : One Variable Case<br/>Applications of Simple Derivatives<br/>Partial and Total Derivatives<br/>Applications of Differential Calculus<br/>Simple Integration<br/>Definite Integrals and Applications<br/>Differential Equations<br/>Applications of Differential Equations<br/>First-order Difference Equations and Applications<br/>Second Order Difference Equations and Applications<br/>Linear Programming<br/>Input-Output Analysis<br/>Game Theory<br/>Answers to Selected Exercises and Questions<br/>Mathematical Tables. |
| 650 ## - SUBJECT ADDED ENTRY--TOPICAL TERM | |
| Topical term or geographic name entry element | Resume of high school algebra |
| 9 (RLIN) | 209125 |
| 650 ## - SUBJECT ADDED ENTRY--TOPICAL TERM | |
| Topical term or geographic name entry element | Matrices and determinants |
| 9 (RLIN) | 209126 |
| 650 ## - SUBJECT ADDED ENTRY--TOPICAL TERM | |
| Topical term or geographic name entry element | Differential equations |
| 9 (RLIN) | 209127 |
| 700 ## - ADDED ENTRY--PERSONAL NAME | |
| Personal name | Madnani, G M K. |
| 9 (RLIN) | 209128 |
| 942 ## - ADDED ENTRY ELEMENTS (KOHA) | |
| Source of classification or shelving scheme | Dewey Decimal Classification |
| Koha item type | Book |
| Edition | 1st |
| Call number prefix | 519 MEHB |
| Withdrawn status | Lost status | Source of classification or shelving scheme | Damaged status | Not for loan | Collection code | Home library | Current library | Shelving location | Date acquired | Source of acquisition | Cost, normal purchase price | Inventory number | Total Checkouts | Full call number | Barcode | Date last seen | Cost, replacement price | Price effective from | Koha item type |
|---|---|---|---|---|---|---|---|---|---|---|---|---|---|---|---|---|---|---|---|
| Dewey Decimal Classification | MBA | St Aloysius Institute of Management & Information Technology | St Aloysius Institute of Management & Information Technology | Mathematics & Statistics | 03/14/2025 | Biblios Book Point | 500.00 | Bill no:7467; Bill dt:2025/3/11 | 519 MEHB | MBA15085 | 05/23/2026 | 425.00 | 05/03/2025 | Book | |||||
| Dewey Decimal Classification | MBA | St Aloysius Institute of Management & Information Technology | St Aloysius Institute of Management & Information Technology | Mathematics & Statistics | 03/14/2025 | Biblios Book Point | 500.00 | Bill no:7467; Bill dt:2025/3/11 | 519 MEHB | MBA15086 | 05/23/2026 | 425.00 | 05/03/2025 | Book |